1625 1949 1362 1597 1030 1243 1535 1712 1385 1789 1263 1690 1114 1859 1387 1307 1384 1230 1784 1716 1077 1989 1828 1461 1822 1078 1926 1321 1831 1219 1757 1230 1783 1887 1287 1380 1562 1977 1070 1603 1688 1977 1449 1653 1478 1498 1400 1375 1188 1749 1864 1841 1498 1816 1256 1460 1099 1557 1735 1828 1083 1447 1053 1665 1083 1717 1543 1373 1374 1609 1607 1574 1506 1254 1342 1453 1407 1909 1723 1702 1988 1754 1975 1571 1315 1980 1249 1628 1685 1996 1964 1452 1348 1831 1934 1878 1951 1451 1759 BCNSPRNW ULIB Ver.6.0+V

เปลี่ยนเป็นภาษาไทย

Change to English
 แสดงรายละเอียดบรรณานุกรม
  กลับหน้าหลัก

Brief Record : Get Marc (ISO 2709) : E-mail record : QR code < ปิดหน้าต่าง
LEADER : 00000nam 2200000uu 4500
001    13399122165
003     ULIB
008    130108s2555||||th 000 0 tha d
020    ^a9789743652080
050  4 ^aHA62^bศ452ก
100 0  ^aศิริชัย กาญจนวาสี
245 10 ^aการเลือกใช้สถิติที่เหมาะสมสำหรับการวิจัย /^cศิริชัย กาญจนวาสี,ทวีวัฒน์ ปิตยานนท์ และ ดิเรก ศรีสุโข
250    ^aพิมพ์ครั้งที่ 6
260    ^aกรุงเทพฯ :^bจุฬาลงกรณ์มหาวิทยาลัย,^c2555
300    ^a219 หน้า :^bภาพประกอบ ;^c27 ซม.
650  4 ^aวิจัย
650  4 ^aวิจัย^xระเบียบวิธีทางสถิติ
650  4 ^aวิจัย^xสถิติ
650  4 ^aสถิติ
650  4 ^aสถิติวิเคราะห์
650  4 ^aสถิติศาสตร์
650  4 ^aสังคมศาสตร์^xระเบียบวิธีทางสถิติ
700 02 ^aทวีวัฒน์ ปิตยานนท์
700 02 ^aดิเรก ศรีสุโข
945    ^p200^l0^i19626
995    ^aกัณชพร
999    ^aกัณชพร
รายการนี้ยังไม่มีแท็ก
คุณยังไม่ได้ล็อกอิน คุณสามารถมีกิจกรรมร่วมกับเว็บไซต์ได้ แต่ต้องล็อกอินก่อน ::
  ล็อกอิน

รายการสื่อสารสนเทศ

ลำดับที่ ประเภท เลขเรียก/บาร์โค้ด สถานที่ สถานะ
1. วิทยาศาสตร์การแพทย์ และสุขภาพ
วิทยาศาสตร์การแพทย์ และสุขภาพ
HA62 ศ452ก  
  Barcode: 19626
ห้องสมุดวิทยาเขตสวรรค์ประชารักษ์
►หนังสือทั่วไป
บนชั้น

รายการใกล้เคียง
    ผู้แต่ง [ศิริชัย กาญจนวาสี]

    หัวเรื่อง [วิจัย]
    หัวเรื่อง [สถิติ]
    หัวเรื่อง [สถิติวิเคราะห์]
    หัวเรื่อง [สถิติศาสตร์]

BibComment


ยังไม่เคยถูกคอมเมนท์

คอมเมนท์ทรัพยากรรายการนี้
  คอมเมนท์: การเลือกใช้สถิติ..


 Copyright 2026. Bcnsprnw @Library